000 00533nam a2200217Ia 4500
003 OSt
005 20220928141025.0
006 a|||||r|||| 00| 0
007 ta
008 220927b |||||||| |||| 00| 0 eng d
024 _a12917
037 _cTextual
040 _aSDCL
_cSDCL
_beng
041 _2eng
_aeng
082 _aV1:19'N7, L3
100 _aFrankel Joseph
_9498522
245 0 _aInternational politics
260 _c1973
942 _hV1:19'N7, L3
_cTEXL
_2CC
999 _c815326
_d815326